| 000 | 00635nam a2200217 u 4500 | ||
|---|---|---|---|
| 005 | 20240508064318.0 | ||
| 008 | 111018s2005 es r 000 0 spa d | ||
| 020 | _a8423676935 | ||
| 035 | _aUPN01000182235 | ||
| 049 | _aI | ||
| 050 | 4 |
_aPZ75 _bA4.3 2005 |
|
| 100 | 1 |
_aAlfaya, An, _d1964- _930607 |
|
| 245 | 1 | 0 |
_aDown / _cAn Alfaya ;; il. Luis Filella ; tr. Luisa Corredoira. |
| 250 | _a5a ed. | ||
| 260 |
_aBarcelona, Esp. : _bEdebé, _c2005. |
||
| 300 |
_a150 p. : _bil. col. |
||
| 440 | 0 |
_aTucàn ; _v22. _pNaranja (+8) |
|
| 650 | 4 |
_aLiteratura infantil española _95892 |
|
| 650 | 4 |
_aSíndrome de Down _9923 |
|
| 905 | _aInfantil | ||
| 999 |
_c154338 _d154338 |
||